|
|
|
|
| LEADER |
01154nam a2200301 a 4500 |
| 001 |
14030366 |
| 008 |
090727s1985 enkb b 000 1 eng d |
| 010 |
|
|
|a 2005019430
|
| 020 |
|
|
|a 0192834827
|
| 040 |
|
|
|a DLC
|c DLC
|d DLC
|
| 082 |
0 |
0 |
|a 823/.8
|2 19
|
| 100 |
1 |
|
|a Hardy, Thomas,
|d 1840-1928.
|
| 245 |
1 |
2 |
|a A pair of blue eyes /
|c Thomas Hardy ; edited with notes by Alan Manford.
|
| 250 |
|
|
|a New ed.
|
| 260 |
|
|
|a Oxford ;
|a New York :
|b Oxford University Press,
|c 1985.
|
| 300 |
|
|
|a xxxiv, 393 p. :
|b maps ;
|c 19 cm.
|
| 490 |
1 |
|
|a Oxford world's classics
|
| 504 |
|
|
|a Includes bibliographical references.
|
| 541 |
1 |
|
|e 00011975
|
| 650 |
|
0 |
|a Triangles (Interpersonal relations)
|v Fiction.
|
| 650 |
|
0 |
|a Separation (Psychology)
|v Fiction.
|
| 650 |
|
0 |
|a Elopement
|v Fiction.
|
| 651 |
|
0 |
|a Wessex (England)
|v Fiction.
|
| 700 |
1 |
|
|a Manford, Alan.
|
| 830 |
|
0 |
|a Oxford world's classics (Oxford University Press)
|
| 852 |
4 |
|
|a Ayesha Abed Library
|j General Shelf.
|
| 999 |
|
|
|c 2976
|d 2976
|
| 952 |
|
|
|0 0
|1 4
|2 ddc
|4 0
|6 823_800000000000000_HAR
|7 0
|9 2691
|a BRACUL
|b BRACUL
|c GEN
|d 2009-08-18
|g 585.00
|l 0
|o 823.8 HAR
|p 3010011975
|r 2009-08-18
|t 1
|w 2009-08-18
|y BK
|x Koha Inventory 2020
|